000 00505nam a22001697a 4500
005 20240809090717.0
008 240809b |||||||| |||| 00| 0 eng d
020 _a0702131741
041 _aEnglish
082 _a349 SOU
100 _lEnglish
245 _aJuta's Index and Annotations tot the South African Law Reports 1993
260 _aCape Town:
_bJuta and Company Ltd,
_c1994
300 _b273 pages;
_c25 cm.
650 _aLegal practice
_bLaw
942 _cBK
_6ALISON_BN_VRIES
999 _c2537
_d2537